[Event "130th YMCA Autumn B"]
[Site "Warszawa"]
[Date "2013.11.07"]
[Round "8"]
[White "Praczukowski, Stanislaw"]
[Black "Jachimiak, Wojciech"]
[Result "1-0"]
[WhiteElo "1862"]
[BlackElo "1880"]
[PlyCount "67"]
[EventDate "2013.09.19"]
[EventType "tourn"]
[EventRounds "1"]
[EventCountry "POL"]
[SourceDate "2013.09.20"]

1. e4 c5 2. Nf3 e6 3. d4 cxd4 4. Nxd4 Nf6 5. Nc3 d6 6. Be3 Be7 7. f3 a6 8. Qd2
b5 9. O-O-O Bb7 10. g4 b4 11. Nce2 d5 12. e5 Nfd7 13. f4 g6 14. h4 Qa5 15. Kb1
Nc5 16. Bg2 Nbd7 17. Nb3 Qb6 18. h5 a5 19. hxg6 fxg6 20. Nxc5 Bxc5 21. Bxc5
Qxc5 22. Nd4 Qe7 23. Nb5 O-O 24. Nd6 Bc6 25. Qd4 a4 26. Rd3 Rfb8 27. f5 exf5
28. Bxd5+ Bxd5 29. Qxd5+ Kf8 30. Rdh3 h5 31. gxf5 Nxe5 32. fxg6 b3 33. Rf1+ Kg7
34. Nf5+ 1-0

[Event "130th YMCA Autumn B"]
[Site "Warszawa"]
[Date "2013.11.07"]
[Round "8"]
[White "Safanowski, Tomasz"]
[Black "Borkowski, Adam"]
[Result "1/2-1/2"]
[WhiteElo "1906"]
[BlackElo "1816"]
[PlyCount "68"]
[EventDate "2013.09.19"]
[EventType "tourn"]
[EventRounds "1"]
[EventCountry "POL"]
[SourceDate "2013.09.20"]

1. f4 d5 2. Nf3 Nf6 3. e3 c5 4. d3 Nc6 5. Be2 h5 6. Nc3 Bf5 7. O-O e6 8. Qe1
Be7 9. b3 Ng4 10. e4 dxe4 11. dxe4 Bh7 12. Bb5 O-O 13. Bxc6 bxc6 14. h3 Nf6 15.
Qe2 Nd7 16. Bb2 Qc7 17. Rad1 c4 18. Na4 Nb6 19. Be5 Qb7 20. Nxb6 axb6 21. Qxc4
Rxa2 22. Ng5 b5 23. Qc3 Bxg5 24. fxg5 Bxe4 25. Rd2 b4 26. Qd4 Qa7 27. Bxg7
Qxd4+ 28. Rxd4 Kxg7 29. Rxe4 Rxc2 30. Rxb4 Rc5 31. h4 Rb5 32. Rc4 Rxb3 33. Rxc6
Rb7 34. g6 fxg6 1/2-1/2

[Event "130th YMCA Autumn B"]
[Site "Warszawa"]
[Date "2013.10.08"]
[Round "8"]
[White "Potocki, Karol"]
[Black "Koziol, Pawel"]
[Result "1/2-1/2"]
[WhiteElo "1876"]
[BlackElo "1879"]
[Annotator "Admin"]
[PlyCount "84"]
[EventDate "2013.09.19"]
[EventType "tourn"]
[EventRounds "1"]
[EventCountry "POL"]
[SourceDate "2013.09.20"]

1. d4 f5 2. c4 Nf6 3. Nf3 g6 4. g3 Bg7 5. Bg2 O-O 6. O-O d6 7. Nc3 a5 8. Re1
Na6 9. Bf4 Qe8 10. Qd2 Nh5 11. Bh6 c6 12. Bxg7 Kxg7 13. e4 f4 14. e5 Qd8 15.
Ne4 d5 16. cxd5 cxd5 17. Nc3 Bg4 18. Ng5 e6 19. Nh3 fxg3 20. hxg3 Nb4 21. a3
Nc6 22. Ne2 Bxe2 23. Rxe2 Kg8 $11 24. g4 Ng7 25. Qh6 Qe7 26. Ng5 Ne8 27. Rd1
Nc7 28. Re3 Rad8 29. Rh3 Rd7 30. Bf1 Rf4 31. f3 Rxd4 32. Rxd4 Nxd4 33. f4 Nc6
34. Bd3 Qg7 35. Qh4 Nd8 36. Qg3 h6 37. Nf3 Nf7 38. Nd4 g5 39. f5 Qxe5 40. Qxe5
Nxe5 41. fxe6 Re7 42. Bf5 Nc6 $11 1/2-1/2

[Event "130th YMCA Autumn B"]
[Site "Warszawa"]
[Date "2013.11.15"]
[Round "9"]
[White "Koziol, Pawel"]
[Black "Szefer, Michal"]
[Result "1-0"]
[WhiteElo "1879"]
[BlackElo "1946"]
[Annotator "Admin"]
[PlyCount "99"]
[EventDate "2013.09.19"]
[EventType "tourn"]
[EventRounds "1"]
[EventCountry "POL"]
[SourceDate "2013.09.20"]

1. Nf3 g6 2. g3 Bg7 3. Bg2 e5 4. d3 d6 5. c4 f5 6. Nc3 Nf6 7. Rb1 O-O 8. O-O
Nc6 9. b4 h6 10. b5 Ne7 11. Bb2 Qe8 12. c5 e4 13. dxe4 fxe4 14. cxd6 cxd6 15.
Nd4 d5 16. Qb3 Kh7 17. e3 Qf7 18. Ba3 Rd8 19. h3 Nf5 20. Nde2 Be6 21. Nf4 g5
22. Nxe6 Qxe6 23. Rfd1 Rd7 24. Rd2 Rad8 25. Rbd1 $11 Qe5 26. Ne2 Bf8 27. Bb2 d4
28. Bxd4 Qe8 29. Qb2 Nd5 30. a3 Nxd4 31. Nxd4 Bg7 32. Qc2 Nf6 33. a4 Rc8 34.
Qb3 Rcd8 35. Qa2 Qe5 36. Qc4 Re8 37. Nb3 Rc7 38. Qe2 Rec8 39. Rd8 Rxd8 40. Rxd8
Nd5 41. Qg4 Rc4 42. Qd7 Nf6 43. Qxb7 Rxa4 44. Rd4 Ra3 45. Nd2 Ra5 46. Nxe4 Ne8
47. Nd2 Qxb5 48. Qe4+ Kg8 49. Rd8 Kf8 50. Rxe8+ 1-0

[Event "130th YMCA Autumn B"]
[Site "Warszawa"]
[Date "2013.10.25"]
[Round "9"]
[White "Borkowski, Adam"]
[Black "Potocki, Karol"]
[Result "1/2-1/2"]
[WhiteElo "1816"]
[BlackElo "1876"]
[Annotator "Admin"]
[PlyCount "78"]
[EventDate "2013.09.19"]
[EventType "tourn"]
[EventRounds "1"]
[EventCountry "POL"]
[SourceDate "2013.09.20"]

1. c4 e6 2. d4 d5 3. Nc3 Be7 4. Bf4 Nf6 5. Nf3 c6 6. e3 Nbd7 7. cxd5 exd5 8.
Be2 O-O 9. O-O Re8 10. Qc2 Nf8 11. Ne5 Ng6 12. Nxg6 hxg6 13. Bd3 Bd6 14. Bxd6
$11 Qxd6 15. Ne2 Ng4 16. Ng3 g5 17. Bh7+ Kf8 18. Bf5 g6 19. Bxg4 Bxg4 20. f3
Bd7 21. Qf2 Rac8 22. e4 c5 23. exd5 Qxd5 24. Ne4 Rxe4 25. fxe4 Qxd4 26. Rad1
Qxf2+ 27. Rxf2 Be6 28. a3 Ke7 29. Rfd2 c4 30. Rc1 b5 31. Kf2 a5 32. Ke3 Kf6 33.
Rd6 b4 34. axb4 axb4 35. Rb6 b3 36. Ra6 Ke5 37. Ra5+ Kf6 38. Ra6 Ke5 39. Ra5+
Kf6 1/2-1/2

[Event "130th YMCA Autumn B"]
[Site "Warszawa"]
[Date "2013.11.14"]
[Round "9"]
[White "Jachimiak, Wojciech"]
[Black "Safanowski, Tomasz"]
[Result "1-0"]
[WhiteElo "1880"]
[BlackElo "1906"]
[PlyCount "61"]
[EventDate "2013.09.19"]
[EventType "tourn"]
[EventRounds "1"]
[EventCountry "POL"]
[SourceDate "2013.09.20"]

1. d4 d5 2. c4 dxc4 3. Nf3 Nf6 4. Nc3 c6 5. a4 Bf5 6. e3 Nbd7 7. Bxc4 Qc7 8.
Qb3 e6 9. Nh4 Bg6 10. e4 Bxe4 11. Bxe6 fxe6 12. Nxe4 O-O-O 13. Ng5 Nd5 14. O-O
Re8 15. Qh3 Bb4 16. Nxe6 Qd6 17. Nxg7 Re4 18. Ngf5 Qe6 19. Qg3 Rg8 20. Qf3 Rgg4
21. g3 Nf4 22. Bxf4 Rexf4 23. Qe3 Qf6 24. f3 Rxd4 25. fxg4 Bc5 26. Qe8+ Kc7 27.
Nxd4 Qxd4+ 28. Kg2 Ne5 29. Rad1 Qe4+ 30. Nf3 Qc2+ 31. Rd2 1-0

[Event "130th YMCA Autumn B"]
[Site "Warszawa"]
[Date "2013.11.19"]
[Round "9"]
[White "Rusin, Ryszard"]
[Black "Praczukowski, Stanislaw"]
[Result "0-1"]
[WhiteElo "1898"]
[BlackElo "1862"]
[PlyCount "108"]
[EventDate "2013.09.19"]
[EventType "tourn"]
[EventRounds "1"]
[EventCountry "POL"]
[SourceDate "2013.09.20"]

1. d4 Nf6 2. Nf3 e6 3. c4 c5 4. d5 exd5 5. cxd5 d6 6. Nc3 a6 7. e4 b5 8. a3 g6
9. Bd3 Bg7 10. O-O O-O 11. h3 Nbd7 12. Bf4 c4 13. Bc2 Nc5 14. Re1 Nh5 15. Bg5
f6 16. Be3 f5 17. exf5 Bxf5 18. Bxf5 gxf5 19. Nd4 Qh4 20. Nf3 Qd8 21. Bg5 Bf6
22. Nd4 Ng7 23. Nc6 Qb6 24. Bxf6 Rxf6 25. Qd4 Rf7 26. Ne7+ Kf8 27. Nc6 Qc7 28.
Qh4 h5 29. Re3 f4 30. Re2 f3 31. Re3 fxg2 32. Rae1 Nd3 33. R1e2 Nf4 34. Rd2 Re8
35. Nd4 Re5 36. Nf3 Qe7 37. Rxe5 Qxh4 38. Nxh4 dxe5 39. Kh2 Nf5 40. Nf3 Rg7 41.
Ne2 Nxe2 42. Rxe2 Nd4 43. Re3 Nxf3+ 44. Rxf3+ Ke7 45. Rg3 Rxg3 46. fxg3 Kd6 47.
Kxg2 Kxd5 48. Kf3 a5 49. Ke3 b4 50. a4 Kc5 51. Kd2 Kd4 52. Ke2 Ke4 53. Kf2 c3
54. bxc3 b3 0-1

[Event "130th YMCA Autumn B"]
[Site "Warszawa"]
[Date "2013.11.14"]
[Round "9"]
[White "Barc, Michal"]
[Black "Grabowicz, Marcin"]
[Result "1/2-1/2"]
[WhiteElo "1841"]
[BlackElo "1852"]
[Annotator "Admin"]
[PlyCount "30"]
[EventDate "2013.09.19"]
[EventType "tourn"]
[EventRounds "1"]
[EventCountry "POL"]
[SourceDate "2013.09.20"]

1. d4 Nf6 2. Nf3 g6 3. c4 c5 4. d5 d6 5. Nc3 Bg7 6. e4 b5 7. cxb5 O-O 8. Be2 a6
9. b6 Qxb6 10. O-O a5 11. h3 Ba6 12. Rb1 Nbd7 13. Be3 Bxe2 14. Qxe2 Rfb8 15.
Nd2 a4 $11 1/2-1/2

[Event "130th YMCA Autumn B"]
[Site "Warszawa"]
[Date "2013.12.03"]
[Round "10"]
[White "Szefer, Michal"]
[Black "Grabowicz, Marcin"]
[Result "1/2-1/2"]
[WhiteElo "1946"]
[BlackElo "1852"]
[PlyCount "79"]
[EventDate "2013.09.19"]
[EventType "tourn"]
[EventRounds "1"]
[EventCountry "POL"]
[SourceDate "2013.09.20"]

1. Nf3 Nf6 2. c4 g6 3. Nc3 Bg7 4. e4 d6 5. d4 O-O 6. Be2 Nc6 7. O-O e5 8. d5
Ne7 9. b4 a5 10. Ba3 Ne8 11. c5 f5 12. Nd2 f4 13. Nc4 axb4 14. Bxb4 dxc5 15.
Bxc5 Nd6 16. Rb1 f3 17. gxf3 Bh3 18. Nxd6 cxd6 19. Bb6 Qc8 20. Nb5 Bxf1 21.
Bxf1 Qd7 22. Nc7 Rxa2 23. Ne6 Rfa8 24. Bb5 Qc8 25. Bc7 g5 26. Bxd6 Ng6 27. Bc7
Nf4 28. Nxf4 exf4 29. d6 Ra1 30. e5 Rxb1 31. Qxb1 Bxe5 32. Kg2 g4 33. Bc4+ Kg7
34. Bd5 gxf3+ 35. Bxf3 Qe6 36. Qe4 Rg8 37. h3 Kf6+ 38. Kh2 Bxd6 39. Qxb7 Bxc7
40. Qxc7 1/2-1/2

[Event "130th YMCA Autumn B"]
[Site "Warszawa"]
[Date "2013.11.18"]
[Round "10"]
[White "Rozowski, Marcin"]
[Black "Sawicki, Wojciech"]
[Result "1-0"]
[WhiteElo "1890"]
[BlackElo "1845"]
[PlyCount "105"]
[EventDate "2013.09.19"]
[EventType "tourn"]
[EventRounds "1"]
[EventCountry "POL"]
[SourceDate "2013.09.20"]

1. e4 e5 2. Nf3 Nc6 3. Bb5 a6 4. Bxc6 dxc6 5. O-O f6 6. d4 exd4 7. Nxd4 c5 8.
Ne2 Qxd1 9. Rxd1 Bd7 10. Bf4 O-O-O 11. Nbc3 Ne7 12. Rd2 Ng6 13. Bg3 Be7 14.
Rad1 Bc6 15. Nd5 Bd6 16. Bxd6 Rxd6 17. f3 Rhd8 18. Nb6+ Kb8 19. Nc4 Rxd2 20.
Rxd2 Rxd2 21. Nxd2 Ne5 22. Kf2 Be8 23. f4 Nc6 24. c3 Bf7 25. a3 b5 26. Ke3 Kb7
27. g4 Kb6 28. Nc1 b4 29. Nd3 Kb5 30. c4+ Ka5 31. Nxc5 bxa3 32. bxa3 Kb6 33.
Nd3 Na5 34. Kd4 c6 35. e5 Nb7 36. exf6 gxf6 37. Ne4 f5 38. gxf5 Na5 39. c5+ Kc7
40. Nb4 Nb3+ 41. Ke5 a5 42. Nd3 Kd7 43. Kf6 Bd5 44. Nc3 Ke8 45. Nxd5 cxd5 46.
Ke5 d4 47. f6 a4 48. c6 Na5 49. c7 Nc6+ 50. Ke6 Na7 51. f7+ Kf8 52. Ne5 Kg7 53.
Nd7 1-0

[Event "130th YMCA Autumn B"]
[Site "Warszawa"]
[Date "2013.11.21"]
[Round "10"]
[White "Praczukowski, Stanislaw"]
[Black "Rzepecka, Dorota"]
[Result "0-1"]
[WhiteElo "1862"]
[BlackElo "1829"]
[PlyCount "88"]
[EventDate "2013.09.19"]
[EventType "tourn"]
[EventRounds "1"]
[EventCountry "POL"]
[SourceDate "2013.09.20"]

1. d4 e6 2. c4 d5 3. Nc3 c5 4. cxd5 cxd4 5. Qxd4 Nc6 6. Qd1 exd5 7. Qxd5 Be6 8.
Qxd8+ Rxd8 9. e3 Nb4 10. Bb5+ Bd7 11. Bxd7+ Rxd7 12. Ke2 Nf6 13. a3 Nd3 14. h3
Bc5 15. Nf3 O-O 16. b4 Bb6 17. Na4 Ne4 18. Rf1 Rc8 19. Nd4 Bxd4 20. exd4 Rxd4
21. Be3 Rc2+ 22. Kf3 Ne5+ 23. Kf4 Ng6+ 24. Kf3 Nh4+ 25. Kf4 Nxg2+ 26. Ke5 Rdc4
27. Bc5 f6+ 28. Ke6 Nf4+ 29. Ke7 Nxc5 30. Nxc5 Re2+ 31. Kd6 Rd4+ 32. Kc7 Re7+
33. Kc8 b6 34. Rad1 bxc5 35. bxc5 Rc4 36. Rc1 Rxc1 37. Rxc1 Kf8 38. c6 Ne6 39.
c7 g5 40. Kb8 Nxc7 41. Rxc7 Rxc7 42. Kxc7 h5 43. Kb7 h4 44. f3 f5 0-1

[Event "130th YMCA Autumn B"]
[Site "Warszawa"]
[Date "2013.11.29"]
[Round "10"]
[White "Safanowski, Tomasz"]
[Black "Rusin, Ryszard"]
[Result "1-0"]
[WhiteElo "1906"]
[BlackElo "1898"]
[PlyCount "93"]
[EventDate "2013.09.19"]
[EventType "tourn"]
[EventRounds "1"]
[EventCountry "POL"]
[SourceDate "2013.09.20"]

1. e4 e5 2. Nf3 Nf6 3. d3 Nc6 4. c3 d5 5. Qc2 Bc5 6. Be2 O-O 7. b4 Bd6 8. Bg5
Be6 9. Nbd2 a6 10. O-O h6 11. Bh4 g5 12. Bg3 Nh5 13. a4 Nxg3 14. fxg3 Ne7 15.
d4 dxe4 16. Nxe4 Nf5 17. dxe5 Be7 18. Rad1 Qe8 19. Qc1 Qc6 20. Nf6+ Bxf6 21.
exf6 Qe4 22. Bd3 Qe3+ 23. Kh1 Qxc1 24. Rxc1 Ne3 25. Rfe1 Ng4 26. Rf1 Rad8 27.
Nd4 Rd6 28. Rce1 Bd7 29. Re7 Bxa4 30. Rxc7 Bc6 31. Nxc6 Rxd3 32. Ne7+ Kh7 33.
h3 Ne3 34. Re1 Rfd8 35. Kh2 R8d6 36. Rxe3 Rxe3 37. Nf5 Ree6 38. Nxd6 Rxd6 39.
Rxf7+ Kg6 40. Rxb7 Kxf6 41. Rc7 Ke5 42. Rc5+ Ke4 43. g4 Ke3 44. Kg3 Ke2 45. c4
Kf1 46. Rf5+ Kg1 47. Rd5 1-0

[Event "130th YMCA Autumn B"]
[Site "Warszawa"]
[Date "2013.11.21"]
[Round "10"]
[White "Potocki, Karol"]
[Black "Jachimiak, Wojciech"]
[Result "0-1"]
[WhiteElo "1876"]
[BlackElo "1880"]
[PlyCount "62"]
[EventDate "2013.09.19"]
[EventType "tourn"]
[EventRounds "1"]
[EventCountry "POL"]
[SourceDate "2013.09.20"]

1. Nf3 d5 2. d4 Nf6 3. c4 e6 4. Nc3 Bb4 5. cxd5 exd5 6. Bg5 h6 7. Bh4 O-O 8. e3
c6 9. Bd3 Re8 10. Qc2 Nbd7 11. O-O a5 12. Rab1 Bd6 13. e4 dxe4 14. Nxe4 Be7 15.
Rfe1 Nxe4 16. Rxe4 Bxh4 17. Rxh4 Nb6 18. Bh7+ Kh8 19. Be4 Be6 20. Qd2 Qf6 21.
Rf4 Qe7 22. Re1 Qb4 23. Qc1 Bxa2 24. Rh4 Re6 25. Ne5 Rf8 26. Ng4 Qd6 27. Ne3
Qxd4 28. Nf5 Qf6 29. g4 Rfe8 30. g5 Qxf5 31. Rxh6+ gxh6 0-1

[Event "130th YMCA Autumn B"]
[Site "Warszawa"]
[Date "2013.11.21"]
[Round "10"]
[White "Koziol, Pawel"]
[Black "Borkowski, Adam"]
[Result "0-1"]
[WhiteElo "1879"]
[BlackElo "1816"]
[PlyCount "248"]
[EventDate "2013.09.19"]
[EventType "tourn"]
[EventRounds "1"]
[EventCountry "POL"]
[SourceDate "2013.09.20"]

1. d4 d5 2. c4 e6 3. Nc3 Be7 4. cxd5 exd5 5. Bf4 Nf6 6. e3 c6 7. Bd3 O-O 8. h3
Be6 9. Qc2 Nbd7 10. Nf3 Rc8 11. Ng5 g6 12. h4 Kg7 13. h5 Nxh5 14. Rxh5 gxh5 15.
Nxe6+ fxe6 16. Bxh7 Rf6 17. Bg5 Qf8 18. O-O-O Rxf2 19. Bh6+ Kh8 20. Bxf8 Rxc2+
21. Bxc2 Rxf8 22. Rh1 h4 23. g3 Rf3 24. gxh4 Rxe3 25. Kd2 Rg3 26. Ne2 Bb4+ 27.
Kd1 Rf3 28. a3 Ba5 29. b4 Bc7 30. a4 e5 31. dxe5 Bxe5 32. Nc1 Bc3 33. Nd3 Kg7
34. Ke2 Rf6 35. Rg1+ Kh6 36. Rg8 Rf8 37. Rxf8 Nxf8 38. b5 Ne6 39. Kf2 c5 40.
Kg3 c4 41. Nc1 Be5+ 42. Kg4 Bb2 43. Na2 d4 44. Bf5 Nc5 45. a5 Nb3 46. b6 axb6
47. axb6 d3 48. Nb4 Bd4 49. Nxd3 cxd3 50. Bxd3 Bxb6 51. Kf5 Bf2 52. Ke5 Bxh4
53. Kd6 b6 54. Kc6 Bf2 55. Ba6 Kg5 56. Kd5 Kf6 57. Bc4 Nc5 58. Kc6 Ne6 59. Bf1
Ke7 60. Bc4 Nf8 61. Bf1 Kd8 62. Bg2 Ng6 63. Be4 Ne7+ 64. Kb5 Kc7 65. Bf3 Kd6
66. Bg2 Nd5 67. Bf1 Nc7+ 68. Ka4 Kc5 69. Be2 Nd5 70. Bf1 b5+ 71. Kb3 b4 72. Bh3
Ne7 73. Be6 Be1 74. Bf7 Nc6 75. Bg8 Nd4+ 76. Ka2 Nc6 77. Kb3 Kb6 78. Ka2 Na5
79. Be6 Kc5 80. Bf7 Kd4 81. Kb2 Kd3 82. Bg6+ Kd2 83. Bf7 Bh4 84. Be6 Bf6+ 85.
Kb1 Kc3 86. Kc1 b3 87. Bxb3 Nxb3+ 88. Kd1 Kd3 89. Ke1 Ke3 90. Kf1 Nd4 91. Kg2
Ne2 92. Kh3 Kf3 93. Kh2 Ng3 94. Kg1 Bd4+ 95. Kh2 Be3 96. Kh3 Bg5 97. Kh2 Ne2
98. Kh1 Kf2 99. Kh2 Ng3 100. Kh3 Kf3 101. Kh2 Be3 102. Kh3 Bg1 103. Kh4 Ne4
104. Kh3 Nf2+ 105. Kh4 Kf4 106. Kh5 Kf5 107. Kh4 Bh2 108. Kh5 Be5 109. Kh4 Bd6
110. Kh5 Bg3 111. Kh6 Ne4 112. Kg7 Nd6 113. Kh6 Be5 114. Kh5 Nf7 115. Kh4 Ng5
116. Kh5 Bg3 117. Kh6 Ne6 118. Kh5 Ng7+ 119. Kh6 Kf6 120. Kh7 Bf4 121. Kg8 Ne6
122. Kh8 Kf7 123. Kh7 Nf8+ 124. Kh8 Be5# 0-1

[Event "130th YMCA Autumn B"]
[Site "Warszawa"]
[Date "2013.11.28"]
[Round "11"]
[White "Borkowski, Adam"]
[Black "Szefer, Michal"]
[Result "0-1"]
[WhiteElo "1816"]
[BlackElo "1946"]
[PlyCount "62"]
[EventDate "2013.09.19"]
[EventType "tourn"]
[EventRounds "1"]
[EventCountry "POL"]
[SourceDate "2013.09.20"]

1. d4 g6 2. Nf3 Bg7 3. g3 Nf6 4. Bg2 c5 5. e3 d5 6. O-O O-O 7. Nc3 Bg4 8. h3
cxd4 9. exd4 Bf5 10. Be3 Nc6 11. Nd2 h5 12. Nb3 Rc8 13. Bg5 Ne4 14. Nxe4 Bxe4
15. Bxe4 dxe4 16. c3 Qd5 17. Be3 Rfd8 18. Qe2 Qf5 19. Kg2 e5 20. Rad1 exd4 21.
Nxd4 Bxd4 22. Bxd4 Nxd4 23. Rxd4 Rxd4 24. cxd4 Qd5 25. Qe3 Rc2 26. Rc1 Rxc1 27.
Qxc1 e3+ 28. f3 Qxd4 29. Qc8+ Kh7 30. Qxb7 Qd2+ 31. Kh1 Kg7 0-1

[Event "130th YMCA Autumn B"]
[Site "Warszawa"]
[Date "2013.11.28"]
[Round "11"]
[White "Jachimiak, Wojciech"]
[Black "Koziol, Pawel"]
[Result "0-1"]
[WhiteElo "1880"]
[BlackElo "1879"]
[PlyCount "50"]
[EventDate "2013.09.19"]
[EventType "tourn"]
[EventRounds "1"]
[EventCountry "POL"]
[SourceDate "2013.09.20"]

1. e4 e5 2. Nf3 Nc6 3. Bb5 a6 4. Ba4 Nf6 5. O-O Be7 6. Re1 b5 7. Bb3 d6 8. c3
O-O 9. d4 Bg4 10. Bd5 Qd7 11. dxe5 Bxf3 12. Qxf3 Nxe5 13. Qg3 Nxd5 14. exd5 Qf5
15. Nd2 Rfe8 16. Ne4 Ng6 17. Qd3 Bh4 18. Bd2 Re5 19. g3 Rae8 20. f3 Be7 21. g4
Qd7 22. b3 f5 23. gxf5 Qxf5 24. c4 Nh4 25. Re3 Bg5 0-1

[Event "130th YMCA Autumn B"]
[Site "Warszawa"]
[Date "2013.10.15"]
[Round "11"]
[White "Rusin, Ryszard"]
[Black "Potocki, Karol"]
[Result "1/2-1/2"]
[WhiteElo "1898"]
[BlackElo "1876"]
[Annotator "Admin"]
[PlyCount "74"]
[EventDate "2013.09.19"]
[EventType "tourn"]
[EventRounds "1"]
[EventCountry "POL"]
[SourceDate "2013.09.20"]

1. d4 d5 2. c4 c6 3. Nc3 Nf6 4. e3 e6 5. Nf3 Nbd7 6. a3 Bd6 7. Bd3 O-O 8. O-O
dxc4 9. Bxc4 b5 10. Ba2 Bb7 11. e4 e5 12. d5 cxd5 13. Nxb5 Bc5 14. b4 Bxf2+ 15.
Rxf2 Nxe4 16. Be3 d4 17. Bxd4 exd4 18. Rc2 Qb6 19. Nbxd4 Rad8 20. Qe2 Ne5 21.
Kf1 Rxd4 22. Nxe5 Ba6 23. Bc4 Bxc4 24. Nxc4 Rxc4 25. Qxc4 Qf6+ 26. Ke2 Qxa1 27.
Qxe4 Qxa3 28. Rc7 Qa2+ 29. Kf3 Rd8 30. Rd7 Qb3+ 31. Kf4 Rb8 32. Rxa7 g5+ 33.
Kxg5 Rb5+ 34. Kh6 Rb6+ 35. Kh5 Rb5+ 36. Kh6 Rb6+ 37. Kh5 Rb5+ $11 1/2-1/2

[Event "130th YMCA Autumn B"]
[Site "Warszawa"]
[Date "2013.11.28"]
[Round "11"]
[White "Rzepecka, Dorota"]
[Black "Safanowski, Tomasz"]
[Result "1-0"]
[WhiteElo "1829"]
[BlackElo "1906"]
[PlyCount "63"]
[EventDate "2013.09.19"]
[EventType "tourn"]
[EventRounds "1"]
[EventCountry "POL"]
[SourceDate "2013.09.20"]

1. e4 d6 2. d4 Nf6 3. Nc3 Nbd7 4. Nf3 e5 5. Bg5 c6 6. Bc4 Be7 7. dxe5 dxe5 8.
O-O b5 9. Bb3 O-O 10. Qe2 h6 11. Bh4 Nh5 12. Bg3 Nxg3 13. fxg3 Nc5 14. Rad1 Qc7
15. Nd2 a5 16. Qh5 Bg5 17. a4 Ba6 18. axb5 Nxb3 19. Nxb3 cxb5 20. h4 g6 21. Qf3
Bd8 22. Nd5 Qxc2 23. Rc1 Qxb2 24. Rc6 Kh7 25. h5 Bg5 26. Nf6+ Kg7 27. Nd7 Qa3
28. Nxf8 Qxf8 29. hxg6 f6 30. Rc7+ Kg8 31. Nc5 Qd6 32. Qb3+ 1-0

[Event "130th YMCA Autumn B"]
[Site "Warszawa"]
[Date "2013.11.26"]
[Round "11"]
[White "Sawicki, Wojciech"]
[Black "Praczukowski, Stanislaw"]
[Result "1/2-1/2"]
[WhiteElo "1845"]
[BlackElo "1862"]
[Annotator "Admin"]
[PlyCount "47"]
[EventDate "2013.09.19"]
[EventType "tourn"]
[EventRounds "1"]
[EventCountry "POL"]
[SourceDate "2013.09.20"]

1. e4 c5 2. d4 cxd4 3. c3 dxc3 4. Nxc3 Nc6 5. Nf3 d6 6. Bc4 a6 7. Bf4 Nf6 8. e5
dxe5 9. Nxe5 Qxd1+ 10. Rxd1 Nxe5 11. Bxe5 e6 12. O-O Be7 13. a4 Bd7 14. Be2 Bc6
15. Rd4 O-O 16. b4 Rfd8 17. b5 axb5 18. axb5 Bd5 19. Rfd1 Nd7 20. Nxd5 exd5 21.
Rxd5 Nxe5 22. Rxe5 Rxd1+ 23. Bxd1 Ra1 24. Rd5 $11 1/2-1/2

[Event "130th YMCA Autumn B"]
[Site "Warszawa"]
[Date "2013.11.27"]
[Round "11"]
[White "Barc, Michal"]
[Black "Rozowski, Marcin"]
[Result "1/2-1/2"]
[WhiteElo "1841"]
[BlackElo "1890"]
[Annotator "Admin"]
[PlyCount "44"]
[EventDate "2013.09.19"]
[EventType "tourn"]
[EventRounds "1"]
[EventCountry "POL"]
[SourceDate "2013.09.20"]

1. d4 d5 2. Nf3 Nf6 3. c4 c6 4. Nc3 a6 5. e3 b5 6. cxd5 cxd5 7. Qb3 e6 8. a3
Nbd7 9. Be2 Bd6 10. O-O O-O 11. Bd2 Bb7 12. Na2 Ne4 13. Bb4 Qe7 14. Bxd6 Qxd6
15. Nb4 Rac8 16. Rfc1 Nb6 17. Nd3 Nc4 18. Qd1 Rfd8 19. b4 Qb6 20. Nc5 Rc7 21.
Qc2 Nf6 22. Bd3 h6 $11 1/2-1/2

[Event "130th YMCA Autumn B"]
[Site "Warszawa"]
[Date "2013.12.11"]
[Round "12"]
[White "Rozowski, Marcin"]
[Black "Grabowicz, Marcin"]
[Result "1/2-1/2"]
[WhiteElo "1890"]
[BlackElo "1852"]
[Annotator "Admin"]
[PlyCount "22"]
[EventDate "2013.09.19"]
[EventType "tourn"]
[EventRounds "1"]
[EventCountry "POL"]
[SourceDate "2013.09.20"]

1. e4 e5 2. Nf3 d6 3. d4 exd4 4. Nxd4 g6 5. Nc3 Bg7 6. Be3 Nf6 7. f3 O-O 8. Qd2
Nc6 9. Nxc6 bxc6 10. Bc4 Be6 11. Bxe6 fxe6 $11 1/2-1/2

[Event "130th YMCA Autumn B"]
[Site "Warszawa"]
[Date "2013.12.05"]
[Round "12"]
[White "Praczukowski, Stanislaw"]
[Black "Barc, Michal"]
[Result "1/2-1/2"]
[WhiteElo "1862"]
[BlackElo "1841"]
[Annotator "Admin"]
[PlyCount "196"]
[EventDate "2013.09.19"]
[EventType "tourn"]
[EventRounds "1"]
[EventCountry "POL"]
[SourceDate "2013.09.20"]

1. d4 Nf6 2. c4 c5 3. Nf3 g6 4. Nc3 Bg7 5. d5 d6 6. g3 O-O 7. Bg2 Nbd7 8. O-O
Ng4 9. h3 Nge5 10. Nd2 Nf6 11. f4 Ned7 12. Kh2 a6 13. a4 Rb8 14. e4 e6 15. Re1
e5 16. f5 Nh5 17. Bf3 Nhf6 18. g4 g5 19. Nf1 h6 20. Ng3 Kh7 21. Kg2 Rh8 22. Rh1
Kg8 23. Rh2 Nh7 24. Nh5 f6 25. Be2 Kf7 26. Ra3 Nb6 27. Nb1 Bd7 28. b3 a5 29.
Bd2 Na8 30. Bc3 b6 31. Nd2 Nc7 32. Nf3 Qe7 $11 33. Ra1 Na6 34. Qd2 Nb4 35. Rah1
Rbg8 36. Bd3 Nf8 37. Ra1 Bc8 38. Bf1 Nd7 39. Qf2 Bb7 40. Qd2 Ba6 41. Bd3 Bb7
42. Rah1 Bc8 43. Bb1 Bb7 44. Kf1 Rh7 45. Ke1 Ba6 46. Qc1 Bb7 47. Bd2 Kf8 48.
Qc3 Ba6 49. Kd1 Bb7 50. Kc1 Ba6 51. Be3 Bb7 52. Qd2 Rgh8 53. h4 Kg8 54. Kb2 Ba6
55. Ka1 Bb7 56. Rh3 Na6 57. R1h2 Nc7 58. Qc1 Ne8 59. Qh1 Bf8 60. Ng3 Ba6 61.
Qc1 Nc7 62. Rg2 Bb7 63. Rgh2 Ba6 64. Qd2 Bb7 65. Nh5 Ne8 66. Ng1 Ba6 67. Ne2
Bb7 68. Nc3 Ba6 69. Ne2 Bb7 70. Nhg3 Ba6 71. Qc1 Bb7 72. Qh1 Ba6 73. Ng1 Bb7
74. Nf3 Bc8 75. Bd3 Ba6 76. Kb2 Bb7 77. Be2 Ba6 78. Ne1 Bb7 79. Nd3 Ba6 80. Nf2
Bb7 81. Nd1 Bc8 82. Nc3 Ba6 83. Nb1 Bb7 84. Nd2 Ba6 85. Nf3 Bc8 86. Rf2 Ba6 87.
Rfh2 Bc8 88. Bd2 Ba6 89. hxg5 hxg5 90. Rxh7 Rxh7 91. Rxh7 Qxh7 92. Qxh7+ Kxh7
93. Bxg5 fxg5 94. Nxg5+ Kg8 95. Ne6 Bg7 96. g5 Nf8 97. Nh5 Nh7 98. f6 Bxf6 $11
1/2-1/2

[Event "130th YMCA Autumn B"]
[Site "Warszawa"]
[Date "2013.12.04"]
[Round "12"]
[White "Safanowski, Tomasz"]
[Black "Sawicki, Wojciech"]
[Result "1/2-1/2"]
[WhiteElo "1906"]
[BlackElo "1845"]
[PlyCount "58"]
[EventDate "2013.09.19"]
[EventType "tourn"]
[EventRounds "1"]
[EventCountry "POL"]
[SourceDate "2013.09.20"]

1. f4 Nf6 2. Nf3 g6 3. e3 Bg7 4. Be2 O-O 5. d3 d6 6. O-O c5 7. Nc3 Nc6 8. Qe1
e5 9. fxe5 dxe5 10. e4 Nd4 11. Bd1 Nxf3+ 12. Bxf3 c4 13. Be3 cxd3 14. Rd1 Be6
15. Rxd3 Qa5 16. Nd5 Qxa2 17. Qb4 Bxd5 18. exd5 e4 19. Bxe4 a5 20. Qd4 Nxe4 21.
Qxe4 Qxb2 22. Bc5 Rfe8 23. Qf3 Qxc2 24. Qxf7+ Kh8 25. Bd4 Bxd4+ 26. Rxd4 Qc5
27. Qf6+ Kg8 28. Qf7+ Kh8 29. Qf6+ Kg8 1/2-1/2